Il programma italiano per la lotta contro l'AIDS /

Guardat en:
Dades bibliogràfiques
Autor corporatiu: Italia. Ministero della sanità. Centro operativo Aids (Autor)
Format: Llibre
Idioma:italià
Publicat: Roma : Ministero della Sanità, 1995
Etiquetes: Afegir etiqueta
Sense etiquetes, Sigues el primer a etiquetar aquest registre!

MARC

LEADER 00000nam a22000007i 4500
001 IT\ICCU\RER\0040219
003 ItRI
005 20260115232437.0
008 990708s1995 it |||||| ||||| |||||c
040 |b ita  |c importazione bologna sebina 
041 7 |a ita  |2 ISO-639-2 
110 2 |a Italia.  |b Ministero della sanità.  |b Centro operativo Aids  |0 IT\ICCU\RERV\026089  |4 aut 
245 0 3 |a Il programma italiano per la lotta contro l'AIDS /  |c Ministero della Sanità, Centro operativo AIDS. 
260 |a Roma :  |b Ministero della Sanità,  |c 1995 
300 |a iii, 522 p. ;  |c 30 cm. 
942 |2 ddc  |c BK  |n 0 
952 |0 0  |1 0  |4 0  |6 A_616_979000000000000_MIN  |7 0  |9 25845  |a BO  |b BO  |d 2026-01-15  |i 3752  |l 0  |o A 616.979 MIN  |p BO3752  |r 2026-01-15 23:24:37  |w 2026-01-15  |x [Sebina 7] [1 v. (2. copia)]  |y BK  |z 1 v. (2. copia) 
952 |0 0  |1 0  |4 0  |6 A_616_979000000000000_MIN  |7 0  |9 25846  |a BO  |b BO  |d 2026-01-15  |i 5194  |l 0  |o A 616.979 MIN  |p BO5194  |r 2026-01-15 23:24:37  |w 2026-01-15  |x [Sebina 7] [1 v.]  |y BK  |z 1 v. 
999 |c 21913  |d 21913